Countries by the letters of their flag - Statistics

General Stats
  • This quiz has been taken 29 times
  • The average score is 19 of 22
Answer Stats
Picture Answer % Correct
Brazil
100%
Nicaragua
100%
Paraguay (Front)
100%
Paraguay (Reverse)
100%
Saudi Arabia
100%
Afghanistan
95%
Andorra
95%
Egypt
95%
El Salvador
95%
San Marino
95%
Spain
95%
Iraq
90%
Malta
90%
Brunei
86%
Belize
81%
Dominican Republic
81%
Guatemala
81%
Haiti
81%
Bolivia
76%
Equatorial Guinea
67%
Turkmenistan
62%
Venezuela
52%
No matching quizzes found
Score Distribution
Percent of People with Each Score
Percentile by Number Answered
Your Score History
You have not taken this quiz